ARRUPE JESUIT UNIVERSITY

CORONAVIRUS -STOP THE SPREAD - CLEAN,DISINFECT,COVER

Teaching Political Literacy (Record no. 120568)

MARC details
000 -LEADER
fixed length control field 00487nam a22001457a 4500
008 - FIXED-LENGTH DATA ELEMENTS--GENERAL INFORMATION
fixed length control field 140521b xxu||||| |||| 00| 0 eng d
020 ## - INTERNATIONAL STANDARD BOOK NUMBER
International Standard Book Number 0854731547
050 ## - LIBRARY OF CONGRESS CALL NUMBER
Classification number LC1090.T253
100 ## - MAIN ENTRY--PERSONAL NAME
Personal name Porter, Alex
9 (RLIN) 10454
245 ## - TITLE STATEMENT
Title Teaching Political Literacy
Remainder of title implications for Teacher training and curriculum planning
Statement of responsibility, etc Alex Porter
260 ## - PUBLICATION, DISTRIBUTION, ETC. (IMPRINT)
Place of publication, distribution, etc London
Name of publisher, distributor, etc University of London
Date of publication, distribution, etc 1983
300 ## - PHYSICAL DESCRIPTION
Extent 63p. ;
Dimensions 21cm.
650 ## - SUBJECT ADDED ENTRY--TOPICAL TERM
Topical term or geographic name as entry element Political Education
Geographic subdivision Great Britain
9 (RLIN) 10455
942 ## - ADDED ENTRY ELEMENTS (KOHA)
Source of classification or shelving scheme Library of Congress Classification
Item type Monograph ( Printed materials)
Holdings
Withdrawn status Lost status Source of classification or shelving scheme Damaged status Not for loan Collection code Home library Current library Shelving location Date acquired Total Checkouts Full call number Barcode Date last seen Price effective from Koha item type
    Library of Congress Classification     Main Collection ARRUPE LIBRARY ARRUPE LIBRARY Main Collection 21/05/2014   LC1090.T253 46500000720 28/06/2018 21/05/2014 Monograph ( Printed materials)

 

Arrupe Library. PO Box MP320 Mt Pleasant, Harare, Zimbabwe
263 242 745411|librarian@aju.ac.zw